| 000 | 02951nam a2200433Ii 4500 | ||
|---|---|---|---|
| 001 | DIGRILEDIT0105 | ||
| 003 | NyNyDIG | ||
| 006 | m o d | ||
| 007 | cr ||||||||||| | ||
| 008 | 140101s2012 cl ob 000 0 spa d | ||
| 020 | _z9789562848565 | ||
| 020 | _z9562848566 | ||
| 035 | _a(OCoLC)847598934 | ||
| 040 |
_aDGITA _beng _epn _cDGITA |
||
| 043 |
_ae-sp--- _as-bl--- |
||
| 050 | 1 | 4 | _aJA71 eBook |
| 245 | 0 | 0 |
_aGobernabilidad y democracia : _bdefensa y transiciones de Brasil y España/ _cSonia Alda Mejías, Héctor Luis Saint-Pierre, (coordinadores). |
| 264 | 1 |
_a _aProvidencia, Santiago de Chile: _bRIL editores ; _aSão Paulo, SP, Brasil : _bEditora UNESP ; _aMadrid : _bInstituto Universitario "General Gutiérrez Mellado", Universidad Nacional de Educación a Distancia, _c2012. |
|
| 250 | _a1. ed. | ||
| 300 | _a1 online resource (317 pages) | ||
| 336 |
_atext _btxt _2rdacontent |
||
| 337 |
_acomputer _bc _2rdamedia |
||
| 338 |
_aonline resource _bcr _2rdacarrier |
||
| 490 | 1 | _aBibliodiversidad. | |
| 505 | 0 | _aIntroducción / Sonia Alda - Suzeley Kalil Mathias -- Procesos españoles de transición y consolidación democrática en el ámbito de la seguridad y la defensa (1976-1991) / Fernando Puell de la Villa -- La transformación de las Fuerzas Armadas Españolas / Dr. Guillem Colom Piella -- Breve comparación de los mecanismos de superación del pasado adoptados en las transiciones brasileña y española / Alicia Gil Gil -- Fuerzas Armadas y gobernabilidad en el gobierno de Lula / Eduardo Mei - Suzeley Kalil Mathias -- La construcción de la defensa en el Brasil contemporáneo / Héctor Luis Saint-Pierre -- Derechos humanos y violencia en Río de Janeiro: ¿Para qué sirven los militares? / Cláudio de Carvalho Silveira -- La política común de seguridad y defensa de la Unión Europea / José Enrique de Ayala Marín -- Las percepciones sobre amenazas y cooperación en las políticas de defensa de Argentina, Brasil y Chile en la década de 1990 / Samuel Alves Soares -- El ALBA y su propuesta de integración militar / Sonia Alda Mejías -- Desafíos de la seguridad en América Latina: percepciones de Estados Unidos en las administraciones de Clinton, Bush y Obama / Luis Fernando Ayerbe. | |
| 651 | 0 |
_aBrazil _xPolitics and government _y20th century. |
|
| 651 | 0 |
_aSpain _xPolitics and government _y20th century. |
|
| 655 | 0 | _aElectronic books. | |
| 700 | 1 | _aAlda Mejías, Sonia. | |
| 700 | 1 |
_aSaint Pierre, Héctor L, _d1952-. |
|
| 710 | 2 | _aInstituto Universitario "General Gutiérrez Mellado" | |
| 710 | 2 |
_aUniversidade Estadual Paulista. _bGrupo de Estudos de Defesa e Segurança Internacional (GEDES). |
|
| 791 | 2 |
_aDigitalia (Firm), _edistributor. |
|
| 830 | 0 | _aBibliodiversidad. | |
| 793 | 0 |
_gDigitalia eBook Collection: _aRil Editores. |
|
| 856 | 4 | 0 |
_3Digitalia Hispánica _uhttps://www.digitaliapublishing.com/a/18705/ |
| 910 | _aPremium Collection: 2007-2012 | ||
| 942 | _cRAA | ||
| 999 |
_c236019 _d236019 |
||